00632nam a2200193Ia 4500003000900000008004100009020001800050040001600068080001900084245011100103260003600214300001000250650004100260650002600301650002900327700003100356700002400387700002700411IN-BaIIA211028s9999 xx 000 0 eng d a0-8243-0919-7 cIIA Library a(05)52bANN-19 0aAnnual review of astronomy and astrophysicsbvol. 19cedited by G. Burbidge, D. Layzer and J. G. Phillip aPalo AltobAnnual Reviewsc1981 a479p. aAstronomy and astrophysics thesaurus aAstronomy-Periodicals aAstrophysics-Periodicals aBurbidge, Geoffrey R., ed. aLayzer, David., ed. aPhillips, John G., ed.